000
00205 a2200097 4500
001
20108
100
_a
Siddiq K N
245
_a
Quran & the world today
260
_a
_b
Izhar Sons
_c
090
_c
14702
_d
14702
942
_a
NUST-CAE
_c
M
_c
5228
999
_c
255181
_d
255181